[Event "Belgrade Trifunovic Memorial"]
[Site "Belgrade"]
[Date "2022.12.24"]
[Round "1"]
[White "Lorens Ristovic, Lami M"]
[Black "Damljanovic, Branko"]
[Result "0-1"]
[WhiteElo "2042"]
[BlackElo "2421"]
[PlyCount "58"]
[EventDate "2022.12.24"]
[EventType "swiss (rapid)"]
[EventRounds "9"]
[EventCountry "SRB"]
[SourceTitle "EXT 2024"]
[Source "ChessBase"]
[SourceDate "2023.10.10"]
[SourceVersion "1"]
[SourceVersionDate "2023.10.10"]
[SourceQuality "1"]

1. c4 e5 2. Nc3 Bb4 3. Nf3 Bxc3 4. bxc3 d6 5. g3 f5 6. Bg2 Nf6 7. d3 h6 8. Rb1 0-0 9. 0-0 Nc6 10. Ba3 Qe8 11. Qc2 Rb8 12. c5 d5 13. Nd2 Be6 14. e3 Qh5 15. Bb2 f4 16. exf4 exf4 17. d4 Bh3 18. Qd1 Ng4 19. Bf3 fxg3 20. fxg3 Rxf3 21. Qxf3 Bxf1 22. Nxf1 Rf8 23. Qe2 Rf2 24. Qe6+ Kh7 25. h4 Rf6 26. Qe2 Qg6 27. Qe1 Na5 28. Rd1 Re6 29. Qd2 Nc4 0-1

[Event "Belgrade-chT Quality"]
[Site "Belgrade"]
[Date "2021.11.20"]
[Round "11.5"]
[White "Manojlovic, Slobodan"]
[Black "Lorens Ristovic, Lami M"]
[Result "1/2-1/2"]
[WhiteElo "2023"]
[BlackElo "2051"]
[PlyCount "79"]
[EventDate "2021.10.16"]
[EventType "team-tourn"]
[EventRounds "11"]
[EventCountry "SRB"]
[SourceTitle "EXT 2023"]
[Source "ChessBase"]
[SourceDate "2022.10.05"]
[SourceVersion "1"]
[SourceVersionDate "2022.10.05"]
[SourceQuality "1"]
[WhiteTeam "Belgrade Bask"]
[BlackTeam "Belgrade Cirilo i Metodije"]
[WhiteTeamCountry "SRB"]
[BlackTeamCountry "SRB"]

1. e4 c5 2. Nf3 e6 3. d4 cxd4 4. Nxd4 a6 5. a3 Nf6 6. Nc3 d5 7. e5 Nfd7 8. f4 Nc6 9. Be3 Nxd4 10. Bxd4 Bc5 11. b4 Bxd4 12. Qxd4 f6 13. exf6 Qxf6 14. 0-0-0 0-0 15. g3 Qxd4 16. Rxd4 Nb6 17. a4 Bd7 18. a5 Rac8 19. Kd2 Na4 20. Nd1 Rc7 21. c4 Bc6 22. b5 Nc5 23. bxc6 Nb3+ 24. Kc3 Nxd4 25. Kxd4 Rxc6 26. cxd5 exd5 27. Nc3 b5 28. axb6 Rxb6 29. Nxd5 Rb1 30. Bg2 Rxh1 31. Bxh1 Rb8 32. Nc3 g6 33. h4 Kg7 34. Bf3 a5 35. Bd1 h5 36. Bc2 Rc8 37. f5 gxf5 38. Bxf5 Rb8 39. Kc4 Rb4+ 40. Kc5 1/2-1/2

[Event "Belgrade-chT Quality"]
[Site "Belgrade"]
[Date "2021.10.16"]
[Round "1.5"]
[White "Lorens Ristovic, Lami M"]
[Black "Stancic, Lazar"]
[Result "1-0"]
[WhiteElo "2051"]
[BlackElo "1920"]
[PlyCount "98"]
[EventDate "2021.10.16"]
[EventType "team-tourn"]
[EventRounds "11"]
[EventCountry "SRB"]
[SourceTitle "EXT 2023"]
[Source "ChessBase"]
[SourceDate "2022.10.05"]
[SourceVersion "1"]
[SourceVersionDate "2022.10.05"]
[SourceQuality "1"]
[WhiteTeam "Belgrade Cirilo i Metodije"]
[BlackTeam "Belgrade Obrenovac"]
[WhiteTeamCountry "SRB"]
[BlackTeamCountry "SRB"]

1. c4 e6 2. g3 d5 3. Nf3 Nf6 4. Bg2 c5 5. cxd5 exd5 6. d4 c4 7. 0-0 Bd6 8. Nc3 0-0 9. b3 Bb4 10. Bb2 Bxc3 11. Bxc3 b5 12. a4 Bd7 13. axb5 Bxb5 14. bxc4 Bxc4 15. Ne5 Bb5 16. Re1 Ne4 17. Ba5 Qf6 18. f3 Nd6 19. Bb4 Rc8 20. Bxd6 Qxd6 21. f4 f6 22. Nd3 Nc6 23. e3 Rab8 24. Nc5 Bc4 25. Qd2 a5 26. Bf1 Bxf1 27. Rxf1 Rb5 28. Rfb1 Rcb8 29. Rxb5 Rxb5 30. Qd3 Rb2 31. Rb1 Rxb1+ 32. Qxb1 Qb8 33. Qf5 Qd6 34. Qc8+ Kf7 35. Qa6 Qc7 36. Kf2 Kg6 37. g4 Kf7 38. h4 g5 39. hxg5 fxg5 40. Qd3 Ke8 41. Ne6 Qe7 42. Nxg5 Qb4 43. Nxh7 Qb2+ 44. Kg3 Ne7 45. Nf6+ Kf7 46. g5 Ke6 47. e4 a4 48. exd5+ Nxd5 49. Qe4+ Kd6 1-0

[Event "Belgrade-chT"]
[Site "Belgrade"]
[Date "2020.10.11"]
[Round "7.5"]
[White "Lorens Ristovic, Lami M"]
[Black "Koscal, Arsenije"]
[Result "1-0"]
[WhiteElo "2066"]
[BlackElo "1787"]
[PlyCount "83"]
[EventDate "2020.10.04"]
[EventType "team-tourn"]
[EventRounds "9"]
[EventCountry "SRB"]
[SourceTitle "EXT 2022"]
[Source "ChessBase"]
[SourceDate "2021.10.06"]
[SourceVersion "1"]
[SourceVersionDate "2021.10.06"]
[SourceQuality "1"]
[WhiteTeam "MZ Cirilo i Metodije"]
[BlackTeam "Romanticari"]
[WhiteTeamCountry "SRB"]
[BlackTeamCountry "SRB"]

1. c4 Nf6 2. Nc3 g6 3. g3 Bg7 4. Bg2 0-0 5. d4 d6 6. e3 c5 7. Nge2 e5 8. dxe5 dxe5 9. 0-0 Nc6 10. b3 Bf5 11. Ba3 Qe7 12. Nd5 Nxd5 13. cxd5 e4 14. dxc6 Bxa1 15. cxb7 Rad8 16. Qxa1 Bg4 17. Nd4 Qxb7 18. Bxc5 Rfe8 19. b4 Bf3 20. Bxf3 exf3 21. Qd1 Qe4 22. h3 h5 23. Kh2 Re5 24. Rg1 g5 25. g4 f5 26. gxf5 g4 27. Qb1 Qb7 28. Qb3+ Kh8 29. Rg3 Ree8 30. Ne6 Rd7 31. Bd4+ Kh7 32. Nc5 Qc7 33. Nxd7 Qxd7 34. hxg4 hxg4 35. Qc2 Kh6 36. Rxg4 Rc8 37. Qe4 Qc7+ 38. Qf4+ Qxf4+ 39. Rxf4 Rc2 40. Rxf3 Rxa2 41. f6 a5 42. f7 1-0

[Event "Belgrade-chT Quality"]
[Site "Belgrade"]
[Date "2018.09.24"]
[Round "7.4"]
[White "Lorens Ristovic, Lami M"]
[Black "Srdanovic, Jovana"]
[Result "1/2-1/2"]
[WhiteElo "2086"]
[BlackElo "2149"]
[PlyCount "66"]
[EventDate "2018.09.17"]
[EventType "team-tourn"]
[EventRounds "11"]
[EventCountry "SRB"]
[SourceTitle "CBM 186 Extra"]
[Source "ChessBase"]
[SourceDate "2018.08.24"]
[SourceVersion "1"]
[SourceVersionDate "2018.08.24"]
[SourceQuality "1"]
[WhiteTeam "MZ Cirilo i Metodije"]
[BlackTeam "Belgrade CC"]
[WhiteTeamCountry "SRB"]
[BlackTeamCountry "SRB"]

1. c4 e5 2. Nc3 Nc6 3. Nf3 Bc5 4. e3 a6 5. d4 exd4 6. exd4 Ba7 7. d5 Nce7 8. Bg5 d6 9. h3 Bf5 10. Bd3 Qd7 11. Be3 Bxe3 12. fxe3 Bxd3 13. Qxd3 Nf6 14. e4 Ng6 15. 0-0-0 0-0-0 16. Qd4 Qe7 17. Qa7 Nd7 18. Nd4 Nb8 19. Kb1 Ne5 20. b3 g6 21. Rhe1 h5 22. Na4 Qf6 23. c5 dxc5 24. Nxc5 Qb6 25. Qxb6 cxb6 26. Na4 Nbd7 27. b4 b5 28. Nb2 Nb6 29. Nd3 Nbc4 30. Nxe5 Nxe5 31. Nf3 Rhe8 32. Nxe5 Rxe5 33. Kc2 Kc7 1/2-1/2

[Event "Belgrade-chT"]
[Site "Belgrade"]
[Date "2017.10.28"]
[Round "8.7"]
[White "Lorens Ristovic, Lami M"]
[Black "Milutinovic, Milan"]
[Result "1-0"]
[WhiteElo "2099"]
[BlackElo "1931"]
[PlyCount "139"]
[EventDate "2017.10.01"]
[EventType "team-tourn"]
[EventRounds "11"]
[EventCountry "SRB"]
[SourceTitle "CBM 181 Extra"]
[Source "ChessBase"]
[SourceDate "2017.12.12"]
[SourceVersion "1"]
[SourceVersionDate "2017.12.12"]
[SourceQuality "1"]
[WhiteTeam "Cyril i Metodije"]
[BlackTeam "BASK"]
[WhiteTeamCountry "SRB"]
[BlackTeamCountry "SRB"]

1. c4 e5 2. Nc3 c5 3. g3 Nc6 4. Bg2 Nf6 5. e3 d6 6. Nge2 Be6 7. Qa4 Qd7 8. a3 Be7 9. 0-0 0-0 10. Rd1 Qc7 11. Nd5 Bxd5 12. cxd5 Nd8 13. d4 a6 14. dxe5 dxe5 15. Qc2 Bd6 16. e4 b5 17. Bg5 Nd7 18. b3 Nb7 19. Rdc1 f6 20. Be3 Rac8 21. Bh3 Qd8 22. a4 b4 23. Qd3 Ra8 24. Kg2 Qe7 25. Ng1 Rfc8 26. Nf3 Na5 27. Nd2 Rc7 28. Be6+ Kh8 29. Bxd7 Qxd7 30. Nc4 Nxc4 31. Rxc4 Qe7 32. Rac1 g6 33. f3 Kg7 34. g4 Kg8 35. h3 Kg7 36. Qc2 Rac8 37. Qf2 Kg8 38. Qh4 Qf7 39. Rf1 Re8 40. Rf2 Rf8 41. Kf1 Kh8 42. Ke2 Rg8 43. Kd3 Be7 44. Qg3 g5 45. Rfc2 Rgc8 46. Qg1 Qf8 47. Ke2 Bd6 48. Kd1 Qe7 49. Rh2 Rg8 50. Rhc2 Rgc8 51. Qh1 Rg8 52. Rh2 Rg6 53. h4 gxh4 54. Rxh4 Qf7 55. Rh5 Qg7 56. Qh3 Qd7 57. Rf5 Qg7 58. Kc2 Qe7 59. Kb2 Qd7 60. Qf1 Qc8 61. Qe2 Bf8 62. Qh2 Bd6 63. Ka2 Qd7 64. Bc1 Qe8 65. Bb2 Rf7 66. Rc2 Kg8 67. Bc1 Qd7 68. Qe2 Qb7 69. Be3 Rc7 70. Qc4 1-0

[Event "Belgrade-chT"]
[Site "Belgrade"]
[Date "2017.10.07"]
[Round "2.8"]
[White "Maksimovic, Masa"]
[Black "Lorens Ristovic, Lami M"]
[Result "1/2-1/2"]
[WhiteElo "1946"]
[BlackElo "2099"]
[PlyCount "99"]
[EventDate "2017.10.01"]
[EventType "team-tourn"]
[EventRounds "11"]
[EventCountry "SRB"]
[SourceTitle "CBM 181 Extra"]
[Source "ChessBase"]
[SourceDate "2017.12.12"]
[SourceVersion "1"]
[SourceVersionDate "2017.12.12"]
[SourceQuality "1"]
[WhiteTeam "Vreoci Turbina"]
[BlackTeam "Cyril i Metodije"]
[WhiteTeamCountry "SRB"]
[BlackTeamCountry "SRB"]

1. e4 c5 2. Nf3 e6 3. d4 cxd4 4. Nxd4 a6 5. c4 Nf6 6. Bd3 Nc6 7. Nb3 d5 8. exd5 exd5 9. 0-0 Be7 10. Nc3 dxc4 11. Bxc4 Qxd1 12. Rxd1 0-0 13. Bf4 Bf5 14. Rac1 Rfd8 15. Bc7 Rxd1+ 16. Rxd1 Rc8 17. Bf4 Nb4 18. Be2 Be6 19. Bf3 b6 20. Nc1 Rd8 21. Rxd8+ Bxd8 22. a3 Nbd5 23. Bd2 Bc7 24. Nd3 Bd6 25. Ne2 Bg4 26. Bxg4 Nxg4 27. Nef4 Ngf6 28. Nxd5 Nxd5 29. Kf1 Kf8 30. Ke2 Ke7 31. Kf3 f5 32. h4 g6 33. Bg5+ Ke6 34. Nf4+ Bxf4 35. Bxf4 h5 36. g3 b5 37. Ke2 Nb6 38. Be3 Nc4 39. Bd4 Kd5 40. Kd3 a5 41. Bc3 a4 42. Bd4 Na5 43. Bc3 Nb7 44. Bd4 Nd8 45. Be3 Ne6 46. Bb6 f4 47. Ba7 g5 48. hxg5 fxg3 49. fxg3 Nxg5 50. Bb8 1/2-1/2

[Event "Belgrade City-chT"]
[Site "Belgrade"]
[Date "2013.11.02"]
[Round "3"]
[White "Mladenovic, Aleksandar"]
[Black "Lorens Ristovic, Lami M"]
[Result "1-0"]
[WhiteElo "1877"]
[BlackElo "2114"]
[PlyCount "76"]
[EventDate "2013.10.26"]
[EventType "team-tourn"]
[EventRounds "11"]
[EventCountry "SRB"]
[SourceTitle "EXT 2015"]
[Source "ChessBase"]
[SourceDate "2014.11.20"]
[SourceVersion "1"]
[SourceVersionDate "2014.11.20"]
[SourceQuality "1"]

1. d4 d5 2. c4 c6 3. cxd5 cxd5 4. Nc3 Nc6 5. Bf4 a6 6. e3 Nf6 7. Bd3 g6 8. Nge2 Bg7 9. 0-0 0-0 10. Rc1 Bf5 11. Bxf5 gxf5 12. Qb3 Na5 13. Qb4 b5 14. Nxb5 axb5 15. Bc7 Qd7 16. Bxa5 Ne4 17. a3 Rfc8 18. Bb6 Rc4 19. Rxc4 bxc4 20. f3 Ra4 21. Qe1 Nf6 22. Nc3 Ra6 23. Bc5 Qb7 24. Qe2 Re6 25. f4 Nd7 26. Qd2 Nxc5 27. dxc5 Bxc3 28. Qxc3 Qc6 29. Rf3 Qxc5 30. Rg3+ Rg6 31. Rxg6+ hxg6 32. b4 Qa7 33. b5 f6 34. Kf2 Qa4 35. b6 Qc6 36. Qb4 c3 37. b7 c2 38. b8Q+ Kf7 1-0

[Event "Belgrade Winter op"]
[Site "Belgrade"]
[Date "2008.01.24"]
[Round "3"]
[White "Lorens Ristovic, Lami M"]
[Black "Brujic, Bozidar"]
[Result "0-1"]
[WhiteElo "2103"]
[BlackElo "2242"]
[PlyCount "148"]
[EventDate "2008.01.22"]
[EventType "swiss"]
[EventRounds "9"]
[EventCountry "YUG"]
[SourceTitle "CBM 122 Extra"]
[Source "ChessBase"]
[SourceDate "2008.03.04"]
[SourceVersion "1"]
[SourceVersionDate "2008.03.04"]
[SourceQuality "1"]

1. d4 f5 2. c4 Nf6 3. Nf3 e6 4. g3 d5 5. cxd5 exd5 6. Bg2 Bd6 7. 0-0 Nbd7 8. Nc3 c6 9. Bf4 Qe7 10. Bxd6 Qxd6 11. e3 0-0 12. Ne1 Re8 13. Nd3 Ne4 14. Re1 Qh6 15. Qc1 Ndf6 16. Ne5 Rxe5 17. dxe5 Ng4 18. h3 Ngxf2 19. Nxe4 Nd3 20. Nf6+ gxf6 21. Qc3 Nxe1 22. Rxe1 fxe5 23. Qxe5 Qg7 24. Qe8+ Qf8 25. Qe5 Bd7 26. Qc7 Qc8 27. Qf4 Qe8 28. Kh2 Qf7 29. b4 a6 30. a4 Re8 31. Rd1 Qe7 32. Rd3 Qe5 33. Qg5+ Kh8 34. b5 axb5 35. axb5 Ra8 36. Rd4 Rg8 37. Qh4 Be6 38. bxc6 bxc6 39. Rd3 Qg7 40. Ra3 Rc8 41. Ra6 Bg8 42. Qf4 Be6 43. h4 Kg8 44. Qd6 Qd7 45. Qc5 Bf7 46. Bh3 Qe6 47. Bg2 Be8 48. Ra7 Rb8 49. Rc7 Qg6 50. Qc3 Ra8 51. Qb2 Rd8 52. Qc3 Bd7 53. Ra7 Qg7 54. Qa5 Qf6 55. Qc7 Kf8 56. Bh3 Ke7 57. Qf4 Ke8 58. Rb7 Ra8 59. Qc7 Qe6 60. Bg2 Ke7 61. Qf4 Rf8 62. Bh3 Qf6 63. Qb4+ Qd6 64. Qd4 Rg8 65. Qf4 Qxf4 66. gxf4 Kd6 67. Ra7 Re8 68. Ra3 c5 69. Kg3 c4 70. Kf2 Kc5 71. Ra7 Kc6 72. Ra6+ Kc5 73. Rh6 c3 74. Bf1 c2 0-1